Gran atlas de arqueología / (Record no. 75317)

MARC details
000 -LEADER
campo de control de longitud fija 00590nam a2200169 i 4500
001 - NÚMERO DE CONTROL
campo de control 75317
003 - IDENTIFICADOR DE NÚMERO DE CONTROL
campo de control ES-MaACL
007 - CAMPO FIJO DE DESCRIPCIÓN FÍSICA--INFORMACIÓN GENERAL
campo de control de longitud fija t|
008 - DATOS DE LONGITUD FIJA--INFORMACIÓN GENERAL
campo de control de longitud fija 040923s1986 sp ||||1| spa d
245 00 - MENCIÓN DEL TÍTULO
Título Gran atlas de arqueología /
Mención de responsabilidad, etc. realizado por Encyclopaedia Universalis ; traducción, Rosa Melián Busquets, Joaquín Ruiz de Argulo.
260 ## - PUBLICACIÓN, DISTRIBUCIÓN, ETC.
Lugar de publicación, distribución, etc. Barcelona :
Nombre del editor, distribuidor, etc. Ebrisa,
Fecha de publicación, distribución, etc. 1986.
300 ## - DESCRIPCIÓN FÍSICA
Extensión 423 p. :
Otras características físicas il. ;
Dimensiones 37 cm.
700 1# - ENTRADA AGREGADA--NOMBRE PERSONAL
Nombre de persona Melián Busquets, Rosa.
9 (RLIN) 79964
700 1# - ENTRADA AGREGADA--NOMBRE PERSONAL
Nombre de persona Ruiz de Argulo, Joaquín.
9 (RLIN) 100726
710 2# - ENTRADA AGREGADA--NOMBRE DE ENTIDAD CORPORATIVA
Nombre de entidad corporativa o nombre de jurisdicción como elemento de entrada Encyclopaedia Universalis.
9 (RLIN) 3473
852 ## - LOCALIZACIÓN
Ubicación ES-MaACL
Número de control de estantería B-8095
Sublocalización o colección R.112677
Holdings
Estatus retirado Estado de pérdida Estado de daño No para préstamo Biblioteca de origen Biblioteca actual Ubicación en estantería Fecha de adquisición Fuente de adquisición Total de préstamos Signatura topográfica completa Código de barras Visto por última vez Precio de reemplazo Tipo de ítem Koha
        Biblioteca del Ateneo de Madrid Biblioteca del Ateneo de Madrid Sala Pardo Bazán 17/01/2008     B-8095 1078832 23/02/2023 23/02/2023 Libro impreso